[Event "4th Lost Boys op"]
[Site "Antwerp BEL"]
[Date "1996.08.10"]
[Round "8.10"]
[White "Dutreeuw, Marc"]
[Black "Akesson, Ralf"]
[Result "1/2-1/2"]
[WhiteElo "2390"]
[BlackElo "2500"]
[EventDate "1996.08.02"]
[PlyCount "142"]

1.e4 c5 2.Nf3 d6 3.d4 cxd4 4.Nxd4 Nf6 5.Nc3 a6 6.Be3 e6 7.a4 Nc6 8.Bd3 Be7
9.O-O O-O 10.Qe2 Nxd4 11.Bxd4 e5 12.Be3 Be6 13.a5 Qc7 14.Na4 d5 15.exd5 
Nxd5 16.Nb6 Rad8 17.Nxd5 Rxd5 18.Bb6 Qc8 19.Rad1 Kh8 20.b3 Qc3 21.Be4 Rxd1
22.Rxd1 Bc8 23.Qf3 Qb4 24.Bf5 Bxf5 25.Qxf5 Bc5 26.Qxe5 Bxb6 27.axb6 Qxb6 
28.Qe7 Kg8 29.h3 g6 30.Rd7 Qc6 31.c4 b6 32.Rc7 Qe8 33.Qf6 Qe1+ 34.Kh2 Qb4 
35.Rb7 Qxb3 36.c5 Qd5 37.c6 Qc5 38.c7 b5 39.Qxa6 Qe5+ 40.g3 Rc8 41.Qc6 Kg7
42.Qd7 Qf5 43.Qxf5 gxf5 44.Rxb5 Rxc7 45.Rxf5 Rc3 46.g4 h6 47.f3 Ra3 48.Kg3
Rb3 49.Re5 Kg6 50.Kf4 Rb4+ 51.Re4 Rb3 52.Rd4 Ra3 53.Ke4 Rb3 54.h4 Ra3 55.
f4 Rh3 56.h5+ Kg7 57.Ke5 Rh1 58.Rd2 Re1+ 59.Kf5 Rh1 60.Rd4 Rh2 61.Ke5 Rg2 
62.f5 Re2+ 63.Re4 Rf2 64.Re1 Rf3 65.Ra1 Re3+ 66.Kf4 Rb3 67.Ra6 Rb4+ 68.Kg3
Rb3+ 69.Kh4 Rf3 70.Rb6 Kh7 71.Rb4 Kg7 1/2-1/2

[Event "4th Lost Boys op"]
[Site "Antwerp BEL"]
[Date "1996.08.10"]
[Round "8.11"]
[White "Rotsagov, Mihhail"]
[Black "Van den Doel, Erik"]
[Result "1-0"]
[WhiteElo "2495"]
[BlackElo "2440"]
[EventDate "1996.08.02"]
[PlyCount "45"]

1.e4 c5 2.Nf3 d6 3.d4 cxd4 4.Nxd4 Nf6 5.Nc3 a6 6.Bc4 e6 7.O-O b5 8.Bb3 Be7
9.Qf3 Qb6 10.Be3 Qb7 11.Qg3 Bd7 12.Nf5 exf5 13.Qxg7 Rf8 14.Bg5 Ng8 15.Bxe7
Nxe7 16.Nd5 Ng6 17.exf5 Bxf5 18.Rfe1+ Kd7 19.Ne7 Nxe7 20.Qxf8 Nbc6 21.Qxf7
Rg8 22.Bd5 Rc8 23.Rxe7+ 1-0

[Event "4th Lost Boys op"]
[Site "Antwerp BEL"]
[Date "1996.08.10"]
[Round "8.12"]
[White "Mohandesi, Shahin"]
[Black "Kogan, Artur"]
[Result "0-1"]
[WhiteElo "2355"]
[BlackElo "2475"]
[EventDate "1996.08.02"]
[PlyCount "58"]

1.d4 Nf6 2.Nf3 b6 3.c4 Bb7 4.Nc3 d5 5.Bg5 Ne4 6.Bf4 e6 7.e3 g5 8.Be5 f6 9.
Bg3 h5 10.h4 Nxg3 11.fxg3 g4 12.Nd2 Qd6 13.Kf2 Bh6 14.Qc2 Nc6 15.Re1 O-O-O
16.c5 bxc5 17.Nb5 Qe7 18.Nb3 a6 19.Nc3 Bxe3+ 20.Rxe3 cxd4 21.Re1 dxc3 22.
Qxc3 d4 23.Qc5 Qd6 24.Rc1 d3 25.Rd1 Ne5 26.Ke3 Qd7 27.Qb4 Qd5 28.Nc5 Nc4+ 
29.Kf2 Qd4+ 0-1

[Event "4th Lost Boys op"]
[Site "Antwerp BEL"]
[Date "1996.08.10"]
[Round "8.14"]
[White "Polaczek, Richard"]
[Black "Boey, Josef Martin"]
[Result "1-0"]
[WhiteElo "2420"]
[BlackElo "2285"]
[EventDate "1996.08.02"]
[PlyCount "53"]

1.d4 d5 2.c4 Nc6 3.cxd5 Qxd5 4.e3 e5 5.Nc3 Bb4 6.Bd2 Bxc3 7.bxc3 Qd6 8.Bd3
Nf6 9.f3 O-O 10.Ne2 Be6 11.O-O b6 12.Be1 exd4 13.cxd4 Nd5 14.Bf2 f5 15.e4 
fxe4 16.fxe4 Ndb4 17.Bb5 Na5 18.d5 Bd7 19.Bxd7 Qxd7 20.a3 Na6 21.Qd3 Nb8 
22.Nd4 c6 23.Ne6 Re8 24.Bd4 c5 25.Nxg7 cxd4 26.Nh5 Qd8 27.Qg3+ 1-0

[Event "4th Lost Boys op"]
[Site "Antwerp BEL"]
[Date "1996.08.10"]
[Round "8.15"]
[White "Eliet, Nicolas"]
[Black "Maes, Wim"]
[Result "1/2-1/2"]
[WhiteElo "2380"]
[BlackElo "2205"]
[EventDate "1996.08.02"]
[PlyCount "138"]

1.d4 Nf6 2.Bg5 d6 3.Bxf6 gxf6 4.e3 e5 5.Nd2 c6 6.Qh5 Be6 7.Bd3 Nd7 8.Ne2 
Qb6 9.O-O O-O-O 10.a4 d5 11.Bf5 Bd6 12.a5 Qc7 13.f4 Kb8 14.a6 b5 15.b3 e4 
16.Rfc1 Nb6 17.Ra2 Qe7 18.c3 Bxf5 19.Qxf5 h5 20.c4 Bb4 21.cxb5 cxb5 22.Nb1
Rc8 23.Rac2 Qe6 24.Rxc8+ Nxc8 25.Qxe6 fxe6 26.Nec3 Nd6 27.Na2 Ba5 28.Rc6 
Nf5 29.Kf2 Rc8 30.Rxc8+ Kxc8 31.b4 Bd8 32.Na3 Nd6 33.Nc1 Kc7 34.Nb3 Kc6 
35.Nc5 Nc4 36.Nc2 Kd6 37.Nb7+ Kd7 38.Nxd8 Kxd8 39.Kg3 e5 40.fxe5 fxe5 41.
dxe5 Nxe5 42.Kh4 Ng4 43.h3 Nf6 44.Kg5 Ke7 45.Nd4 Nd7 46.Nxb5 Nb8 47.Nd4 
Nxa6 48.Nc2 Nc7 49.Kxh5 Kf6 50.Kg4 Ne6 51.Kg3 Ke5 52.Kf2 Kf6 53.g4 Ng5 54.
Kg3 Nf3 55.h4 Kg6 56.b5 Kh6 57.Na3 Kg6 58.Nb1 d4 59.exd4 Nxd4 60.Nc3 e3 
61.Nd5 Nxb5 62.Nxe3 Nd6 63.Kf4 a5 64.h5+ Kg7 65.Ke5 Nf7+ 66.Ke6 a4 67.Nf5+
Kg8 68.Kf6 a3 69.Nd4 a2 1/2-1/2

[Event "4th Lost Boys op"]
[Site "Antwerp BEL"]
[Date "1996.08.10"]
[Round "8.16"]
[White "Jonkman, Harmen"]
[Black "Ljubojevic, Ljubomir"]
[Result "1/2-1/2"]
[WhiteElo "2325"]
[BlackElo "2595"]
[EventDate "1996.08.02"]
[PlyCount "121"]

1.e4 c5 2.c3 d5 3.exd5 Qxd5 4.d4 Nf6 5.Nf3 Bg4 6.Nbd2 e6 7.Qa4+ Nbd7 8.Bc4
Qd6 9.Bb5 Bxf3 10.Nxf3 cxd4 11.Bg5 a6 12.Rd1 Rc8 13.Be2 Qc6 14.Qxc6 Rxc6 
15.Nxd4 Rc5 16.Bc1 h5 17.h4 g6 18.O-O Bh6 19.Bxh6 Rxh6 20.Nb3 Rc7 21.Rfe1 
Ke7 22.Bf3 Rh8 23.Rd4 Rb8 24.g3 Ne8 25.Red1 Ne5 26.Be2 Nf6 27.Na5 Rc5 28.
Nb3 Rd5 29.Rxd5 Nxd5 30.Na5 b6 31.Nc4 Nxc4 32.Bxc4 Nc7 33.Kf1 b5 34.Be2 
Ne8 35.Rd4 Nd6 36.Ke1 Rc8 37.a4 e5 38.Rb4 a5 39.Rb3 bxa4 40.Ra3 Rb8 41.
Rxa4 Rxb2 42.Rxa5 Ke6 43.Bd3 e4 44.Be2 Rc2 45.Ra3 f6 46.Kd1 Rb2 47.Ra5 e3 
48.fxe3 Ne4 49.Bc4+ Ke7 50.Ra7+ Kd6 51.Ra6+ Ke5 52.Ra5+ Kd6 53.Ra6+ Ke5 
54.Bf7 Nxc3+ 55.Ke1 Re2+ 56.Kf1 Rxe3 57.Bxg6 Rxg3 58.Rxf6 Nd5 59.Kf2 Rg4 
60.Bxh5 Rxh4 61.Rf5+ 1/2-1/2

[Event "4th Lost Boys op"]
[Site "Antwerp BEL"]
[Date "1996.08.10"]
[Round "8.17"]
[White "Barsov, Alexei"]
[Black "Van Blitterswijk, Stefan"]
[Result "1-0"]
[WhiteElo "2475"]
[BlackElo "2320"]
[EventDate "1996.08.02"]
[PlyCount "57"]

1.d4 Nf6 2.c4 c5 3.d5 b5 4.cxb5 a6 5.Nc3 axb5 6.e4 b4 7.Nb5 d6 8.Bf4 g5 9.
Be3 Nxe4 10.Bd3 Qa5 11.Ne2 Bg7 12.O-O Bxb2 13.Rb1 Bf6 14.Ng3 Nxg3 15.fxg3 
Nd7 16.Qe2 Be5 17.Rxf7 Nf6 18.Rxf6 exf6 19.Nxd6+ Bxd6 20.Bf4+ Be7 21.d6 
Qa7 22.Bb5+ Kf8 23.Bxg5 Bg4 24.Bh6+ Kf7 25.Qxg4 Bxd6 26.Qg7+ Ke6 27.Bc4+ 
Ke5 28.Qg4 Bc7 29.Qf4# 1-0

[Event "4th Lost Boys op"]
[Site "Antwerp BEL"]
[Date "1996.08.10"]
[Round "8.18"]
[White "Donk, Merlijn Silvester"]
[Black "Van Riemsdijk, Herman Claudius"]
[Result "1-0"]
[WhiteElo "2315"]
[BlackElo "2425"]
[EventDate "1996.08.02"]
[PlyCount "83"]

1.c4 Nf6 2.Nc3 e6 3.d4 d5 4.g3 Be7 5.Bg2 O-O 6.Nf3 Nbd7 7.cxd5 exd5 8.O-O 
c6 9.Qd3 Re8 10.Ng5 Nb6 11.f3 c5 12.e4 h6 13.Nxf7 Kxf7 14.e5 cxd4 15.exf6 
Bxf6 16.Nb5 a6 17.Nxd4 Nc4 18.f4 Qb6 19.Bxd5+ Be6 20.Bxe6+ Rxe6 21.Qxc4 
Qxd4+ 22.Qxd4 Bxd4+ 23.Kg2 Rc8 24.f5 Re2+ 25.Kf3 Rxh2 26.Bf4 Rxb2 27.Rad1 
Rc4 28.Rc1 Ra4 29.Rc8 Ra3+ 30.Kg4 Rh2 31.Bd6 h5+ 32.Kf4 Be3+ 33.Ke4 Ra4+ 
34.Kxe3 Kf6 35.Rf8+ Kg5 36.Rf4 Rxf4 37.Bxf4+ Kg4 38.Be5 Rxa2 39.Bxg7 Ra3+ 
40.Ke4 h4 41.gxh4 Kxh4 42.Bd4 1-0

[Event "4th Lost Boys op"]
[Site "Antwerp BEL"]
[Date "1996.08.10"]
[Round "8.20"]
[White "Sadkowsky, Daniel"]
[Black "Lane, Gary"]
[Result "0-1"]
[WhiteElo "2270"]
[BlackElo "2405"]
[EventDate "1996.08.02"]
[PlyCount "74"]

1.Nf3 Nf6 2.c4 g6 3.Nc3 Bg7 4.e4 d6 5.d4 O-O 6.Be2 Nbd7 7.O-O e5 8.Qc2 c6 
9.Rd1 exd4 10.Nxd4 Qe7 11.f3 a5 12.Bf1 Nc5 13.Qf2 Nfd7 14.Be3 a4 15.Re1 
Ne5 16.Rad1 Re8 17.Kh1 Qc7 18.Qd2 Qa5 19.Nc2 Bf8 20.f4 Ng4 21.Bg1 f5 22.
exf5 Bxf5 23.Nd4 Bd7 24.Nf3 Ne6 25.h3 Nf6 26.Ne5 dxe5 27.fxe5 Nh5 28.Qxd7 
Rad8 29.Qxb7 Rxd1 30.Rxd1 Ng3+ 31.Kh2 Qxe5 32.Bd3 Bd6 33.Rd2 Ne4+ 34.Kh1 
Nxd2 35.Qxc6 Nf4 36.Be4 Nxe4 37.Bd4 Qe6 0-1

[Event "4th Lost Boys op"]
[Site "Antwerp BEL"]
[Date "1996.08.10"]
[Round "8"]
[White "Bolzoni, Victor-Angel"]
[Black "Grooten, Herman"]
[Result "0-1"]
[WhiteElo "2260"]
[BlackElo "2375"]
[EventDate "1996.08.02"]
[PlyCount "64"]

1.e4 c5 2.Nf3 d6 3.d4 cxd4 4.Nxd4 Nf6 5.Nc3 a6 6.h3 e5 7.Nde2 b5 8.Be3 Bb7
9.Qd3 Nbd7 10.f3 Be7 11.Ng3 g6 12.h4 b4 13.Nd1 d5 14.h5 dxe4 15.fxe4 Nc5 
16.Bxc5 Bxc5 17.Qf3 Qb6 18.Bd3 O-O-O 19.Rf1 Rd6 20.Ke2 Kb8 21.Ne3 Bc8 22.
Nc4 Qc7 23.Nxd6 Bg4 24.Qxg4 Nxg4 25.Nxf7 Rf8 26.hxg6 hxg6 27.Ng5 Bf2 28.
Nh1 Qb6 29.Nh3 Qe3+ 30.Kd1 Rf6 31.a4 Bh4 32.Rg1 Bg5 0-1

[Event "4th Lost Boys op"]
[Site "Antwerp BEL"]
[Date "1996.08.10"]
[Round "8"]
[White "Delemarre, Jop"]
[Black "Van der Lijn, Bas"]
[Result "0-1"]
[WhiteElo "2360"]
[BlackElo "2190"]
[EventDate "1996.08.02"]
[PlyCount "82"]

1.d4 Nf6 2.c4 g6 3.Nc3 Bg7 4.e4 d6 5.f3 O-O 6.Be3 e5 7.d5 c6 8.Bd3 a6 9.
Nge2 b5 10.a3 cxd5 11.cxd5 Nbd7 12.O-O Nb6 13.a4 Nc4 14.Bc1 Qb6+ 15.Rf2 
Bd7 16.Ng3 Rac8 17.Nf1 b4 18.Nb1 Nh5 19.Nbd2 Nxd2 20.Nxd2 Rxc1 21.Rxc1 Bh6
22.Nc4 Qd4 23.Ra1 f5 24.exf5 gxf5 25.Bf1 Qc5 26.Qe1 e4 27.Kh1 Re8 28.Rc2 
Bg5 29.Qd1 b3 30.Rc3 Qf2 31.fxe4 Nf6 32.Rg3 Ng4 33.Qf3 Qd4 34.h3 h5 35.
Nxd6 Rxe4 36.Nxf5 Qxb2 37.Qxe4 Nf2+ 38.Kh2 Nxe4 39.Re1 Bxf5 40.Rf3 Qe5+ 
41.g3 h4 0-1

[Event "4th Lost Boys op"]
[Site "Antwerp BEL"]
[Date "1996.08.10"]
[Round "8"]
[White "Steffensen, Torben"]
[Black "Van Mil, Johannes"]
[Result "0-1"]
[WhiteElo "2050"]
[BlackElo "2405"]
[EventDate "1996.08.02"]
[PlyCount "50"]

1.d4 g6 2.c4 Bg7 3.Nc3 c5 4.d5 f5 5.Nf3 d6 6.e3 Bxc3+ 7.bxc3 Nf6 8.h4 Qa5 
9.Bd2 Nbd7 10.Ng5 Ne5 11.h5 gxh5 12.Rxh5 Bd7 13.Rh1 Rg8 14.Nxh7 Ne4 15.
Qh5+ Kd8 16.Qh4 Qa3 17.Rd1 Ba4 18.f3 Bxd1 19.fxe4 Bg4 20.Nf6 Rf8 21.Nxg4 
fxg4 22.Qh6 Kc7 23.Qe6 Rf7 24.Be2 Qxa2 25.Bxg4 Qb1+ 0-1

[Event "4th Lost Boys op"]
[Site "Antwerp BEL"]
[Date "1996.08.11"]
[Round "9.5"]
[White "Nijboer, Friso"]
[Black "Miezis, Normunds"]
[Result "1/2-1/2"]
[WhiteElo "2525"]
[BlackElo "2530"]
[EventDate "1996.08.02"]
[PlyCount "64"]

1.e4 c5 2.Nf3 e6 3.d4 cxd4 4.Nxd4 a6 5.Bd3 Nc6 6.Nxc6 dxc6 7.f4 e5 8.f5 
Nf6 9.Qf3 b5 10.a4 Bb7 11.Nd2 h5 12.Qg3 Bd6 13.Nf3 Kf8 14.Bg5 Qc7 15.Qh4 
Ke7 16.O-O Qb6+ 17.Kh1 c5 18.a5 Qc6 19.c4 Rad8 20.Bc2 bxc4 21.Nd2 Bb8 22.
Nxc4 Rd4 23.Bb3 Ke8 24.Rad1 Bc7 25.Rxd4 cxd4 26.Re1 Nd7 27.Be7 Qh6 28.Bg5 
Qc6 29.Be7 Qh6 30.Bg5 Qc6 31.Be7 Qh6 32.Ba3 Qf6 1/2-1/2

[Event "4th Lost Boys op"]
[Site "Antwerp BEL"]
[Date "1996.08.11"]
[Round "9.6"]
[White "Shchekachev, Andrei"]
[Black "Ye Rongguang"]
[Result "0-1"]
[WhiteElo "2560"]
[BlackElo "2490"]
[EventDate "1996.08.02"]
[PlyCount "74"]

1.e4 e5 2.Nf3 Nc6 3.Bc4 g6 4.c3 Bg7 5.d4 d6 6.dxe5 dxe5 7.Qb3 Qe7 8.Ng5 
Nd8 9.O-O h6 10.Nf3 Nf6 11.Re1 O-O 12.a4 a5 13.Qa3 Re8 14.Qxe7 Rxe7 15.Na3
Ne8 16.Be3 Ne6 17.Nb5 c6 18.Na3 Nd6 19.Bd3 Nf4 20.Bc2 Be6 21.Bc5 Rd7 22.
Rad1 Rad8 23.Bb6 Ra8 24.Rd2 Nc8 25.Rxd7 Bxd7 26.Be3 Be6 27.Nd2 Nd6 28.Rd1 
Bf8 29.f3 b5 30.g3 Nh3+ 31.Kg2 Ng5 32.f4 exf4 33.gxf4 Nh7 34.Bc5 Rb8 35.
axb5 cxb5 36.Nf3 Nc4 37.Bxf8 Ne3+ 0-1

[Event "4th Lost Boys op"]
[Site "Antwerp BEL"]
[Date "1996.08.11"]
[Round "9.7"]
[White "Kogan, Artur"]
[Black "Lobron, Eric"]
[Result "0-1"]
[WhiteElo "2475"]
[BlackElo "2585"]
[EventDate "1996.08.02"]
[PlyCount "76"]

1.Nf3 e6 2.c4 d5 3.d4 c6 4.Nc3 dxc4 5.e3 b5 6.a4 Bb4 7.Ne5 Nf6 8.Be2 Bb7 
9.Bf3 Qb6 10.O-O O-O 11.Ne4 Nbd7 12.a5 Qa6 13.Bd2 Be7 14.Nxf6+ Nxf6 15.b4 
Rad8 16.Qb1 Kh8 17.h4 Nd7 18.Nxd7 Rxd7 19.Bc3 Bxh4 20.g3 Bd8 21.Kg2 f5 22.
Rh1 Kg8 23.Rh3 g5 24.g4 c5 25.d5 Bxd5 26.Bxd5 exd5 27.bxc5 fxg4 28.Rg3 Bf6
29.Qb2 Qe6 30.Rh1 Qe4+ 31.f3 Bxc3 32.Qxb5 gxf3+ 33.Kf2 Qc2+ 34.Kg1 f2+ 35.
Kf1 Qd1+ 36.Kg2 Qxh1+ 37.Kxh1 f1=Q+ 38.Kh2 Rf2+ 0-1

[Event "4th Lost Boys op"]
[Site "Antwerp BEL"]
[Date "1996.08.11"]
[Round "9.8"]
[White "Blees, Albert"]
[Black "Rotsagov, Mihhail"]
[Result "1-0"]
[WhiteElo "2415"]
[BlackElo "2495"]
[EventDate "1996.08.02"]
[PlyCount "69"]

1.e4 c5 2.Nf3 d6 3.d4 Nf6 4.Nc3 cxd4 5.Nxd4 e6 6.Be3 a6 7.g4 h6 8.Qf3 Nc6 
9.Rg1 Bd7 10.h4 h5 11.gxh5 Rxh5 12.Nxc6 Bxc6 13.Bg5 Rh8 14.O-O-O Be7 15.
Qe3 Qc7 16.Bh3 b5 17.f3 Bb7 18.Kb1 Rc8 19.Rg2 b4 20.Nd5 exd5 21.Bxc8 Bxc8 
22.exd5 Bf5 23.Re2 Kd8 24.Rde1 Re8 25.Qd4 Bg6 26.Qxb4 Nxd5 27.Qb3 f6 28.
Bd2 Qc6 29.Rg2 Bf5 30.Rxg7 Kc8 31.a3 Qb5 32.Bb4 a5 33.Ka1 axb4 34.c4 Qc5 
35.cxd5 1-0

[Event "4th Lost Boys op"]
[Site "Antwerp BEL"]
[Date "1996.08.11"]
[Round "9.9"]
[White "Akesson, Ralf"]
[Black "Polaczek, Richard"]
[Result "1/2-1/2"]
[WhiteElo "2500"]
[BlackElo "2420"]
[EventDate "1996.08.02"]
[PlyCount "110"]

1.Nf3 Nf6 2.c4 e6 3.Nc3 Bb4 4.g3 b6 5.Bg2 Bb7 6.O-O O-O 7.d3 d5 8.cxd5 
exd5 9.Qb3 Be7 10.Bf4 c5 11.Ne5 h6 12.e4 d4 13.Nb5 a6 14.Na3 b5 15.Ng6 Re8
16.Ne5 Rf8 17.Ng6 Re8 18.Rac1 Nh5 19.Nxe7+ Qxe7 20.Bd2 Nd7 21.f4 c4 22.Qd1
Nhf6 23.e5 Bxg2 24.Kxg2 c3 25.exf6 Nxf6 26.bxc3 Qxa3 27.Qb3 Qd6 28.Rce1 
dxc3 29.Bxc3 Qxd3 30.Rxe8+ Rxe8 31.Be5 Qe4+ 32.Qf3 Qxf3+ 33.Kxf3 Rc8 34.
Bxf6 gxf6 35.Rf2 Rc4 36.Kg4 Kg7 37.Rd2 Kg6 38.Rd6 Ra4 39.Rd2 f5+ 40.Kh4 
Ra3 41.Rd6+ f6 42.Rd2 b4 43.Rb2 a5 44.Rd2 a4 45.h3 Re3 46.Rd4 Re4 47.Rd7 
Re2 48.Rd4 Re4 49.Rd7 a3 50.Rb7 Rd4 51.Rb6 Rd2 52.Rxb4 Rxa2 53.Ra4 Ra1 54.
Ra5 Ra2 55.Ra4 Ra1 1/2-1/2

[Event "4th Lost Boys op"]
[Site "Antwerp BEL"]
[Date "1996.08.11"]
[Round "9.10"]
[White "Legky, Nikolai"]
[Black "Enklaar, Bertus"]
[Result "1-0"]
[WhiteElo "2540"]
[BlackElo "2390"]
[EventDate "1996.08.02"]
[PlyCount "41"]

1.d4 Nf6 2.c4 c5 3.e3 g6 4.Nc3 Bg7 5.Nf3 O-O 6.d5 e6 7.e4 exd5 8.exd5 d6 
9.Be2 Re8 10.O-O Ne4 11.Nxe4 Rxe4 12.Bd3 Re8 13.Bg5 Bf6 14.Qd2 Bg4 15.Qf4 
Bxg5 16.Nxg5 Qd7 17.Ne4 Rxe4 18.Bxe4 Be2 19.Rfe1 Bxc4 20.b3 Ba6 21.Qf6 1-0

[Event "4th Lost Boys op"]
[Site "Antwerp BEL"]
[Date "1996.08.11"]
[Round "9.11"]
[White "Wells, Peter"]
[Black "Dutreeuw, Marc"]
[Result "1-0"]
[WhiteElo "2475"]
[BlackElo "2390"]
[EventDate "1996.08.02"]
[PlyCount "91"]

1.d4 d5 2.c4 e6 3.Nc3 Be7 4.cxd5 exd5 5.Bf4 Nf6 6.e3 Bf5 7.Nge2 O-O 8.Ng3 
Be6 9.Bd3 Nbd7 10.O-O c6 11.Kh1 Nb6 12.Qc2 Re8 13.Be5 Nbd7 14.f4 Nf8 15.h3
Kh8 16.Nce2 Ng8 17.f5 Bc8 18.e4 dxe4 19.Nxe4 Nd7 20.Bc4 f6 21.Bh2 Nb6 22.
Bb3 Nh6 23.N4c3 Bd6 24.Bxd6 Qxd6 25.Rf4 Bd7 26.Raf1 Qe7 27.Ng3 Nf7 28.Nge4
Nd6 29.Qf2 Nxe4 30.Rxe4 Qd6 31.Rh4 Nd5 32.Ne4 Qe7 33.Qf3 Rad8 34.Nc3 Bc8 
35.Nxd5 cxd5 36.Bxd5 Qe2 37.Bb3 Qxf3 38.Rxf3 Re2 39.d5 b6 40.Rd4 Rd6 41.
Rc4 Bd7 42.Rfc3 h5 43.Rc6 Rxc6 44.dxc6 Bxf5 45.c7 Re8 46.Rf3 1-0

[Event "4th Lost Boys op"]
[Site "Antwerp BEL"]
[Date "1996.08.11"]
[Round "9.12"]
[White "Van der Lijn, Bas"]
[Black "Barsov, Alexei"]
[Result "0-1"]
[WhiteElo "2190"]
[BlackElo "2475"]
[EventDate "1996.08.02"]
[PlyCount "114"]

1.e4 e6 2.d4 d5 3.exd5 exd5 4.Nf3 Nc6 5.Bb5 Bd6 6.O-O Ne7 7.c4 dxc4 8.Nc3 
O-O 9.Bxc4 Bg4 10.d5 Ne5 11.Be2 Bxf3 12.Bxf3 Nxf3+ 13.Qxf3 Ng6 14.Be3 Ne5 
15.Qh5 g6 16.Qh3 h5 17.Ne4 Ng4 18.Bg5 f6 19.Nxd6 Qxd6 20.Be3 Qxd5 21.Rfd1 
Qf7 22.Bd4 Rad8 23.Qa3 a6 24.Qf3 b6 25.Bc3 a5 26.Qf4 Ne5 27.h3 Nd3 28.Qf3 
Qd5 29.Qg3 Qf5 30.Rd2 Nf4 31.Qf3 Rxd2 32.Bxd2 Nd3 33.Qxf5 gxf5 34.Bc3 Kf7 
35.Rd1 Rd8 36.Rd2 Rd7 37.Rd1 Nc5 38.Rc1 Ne4 39.Kf1 c5 40.Ke2 Ke6 41.Be1 f4
42.a3 a4 43.Bc3 Rd5 44.Be1 b5 45.Ba5 c4 46.Bb4 Rd3 47.Re1 f3+ 48.gxf3 Ng5 
49.Kf1+ Kf5 50.Kg2 Nxf3 51.Re8 Ng5 52.h4 Nf3 53.Kg3 Ne5+ 54.Kh2 Kg4 55.Re7
Kf3 56.Bc5 Ng4+ 57.Kh3 Rd1 0-1

[Event "4th Lost Boys op"]
[Site "Antwerp BEL"]
[Date "1996.08.11"]
[Round "9.14"]
[White "Visser, Yge"]
[Black "Bosboom, Manuel"]
[Result "1/2-1/2"]
[WhiteElo "2395"]
[BlackElo "2410"]
[EventDate "1996.08.02"]
[PlyCount "97"]

1.e4 d5 2.exd5 Qxd5 3.Nc3 Qa5 4.d4 Nf6 5.Nf3 c6 6.Ne5 Bf5 7.Bd3 Bxd3 8.
Qxd3 Na6 9.Qc4 e6 10.Nxc6 Qb6 11.Ne5 Bb4 12.O-O O-O 13.Ne2 Bd6 14.c3 Bxe5 
15.dxe5 Nd7 16.Qe4 Nac5 17.Qd4 Qa6 18.c4 Qc6 19.b4 Na4 20.Bg5 Rfe8 21.Ng3 
h6 22.Be3 Red8 23.Rac1 Nf8 24.Qe4 Ng6 25.f4 a5 26.bxa5 Rxa5 27.Rfd1 Rxd1+ 
28.Rxd1 Nb2 29.Rd8+ Kh7 30.c5 Rxa2 31.Qxc6 bxc6 32.f5 exf5 33.Nxf5 Ra1+ 
34.Kf2 Nd1+ 35.Ke2 Nc3+ 36.Kd3 Rd1+ 37.Bd2 Nb1 38.Kc2 Rxd2+ 39.Rxd2 Nxd2 
40.Kxd2 Nxe5 41.Ke3 Kg6 42.Ke4 f6 43.h3 h5 44.g3 Kf7 45.Nd4 g6 46.g4 h4 
47.g5 Nd7 48.gxf6 Nxc5+ 49.Kf3 1/2-1/2

[Event "4th Lost Boys op"]
[Site "Antwerp BEL"]
[Date "1996.08.11"]
[Round "9.15"]
[White "Lane, Gary"]
[Black "Donk, Merlijn Silvester"]
[Result "1-0"]
[WhiteElo "2405"]
[BlackElo "2315"]
[EventDate "1996.08.02"]
[PlyCount "57"]

1.e4 c5 2.Nf3 e6 3.d4 cxd4 4.Nxd4 a6 5.Nc3 Qc7 6.f4 d6 7.Bd3 Nf6 8.Nf3 Nc6
9.O-O Be7 10.Qe1 Nd7 11.Qg3 Bf6 12.e5 dxe5 13.Ne4 Qd8 14.Nxf6+ Nxf6 15.
fxe5 Nh5 16.Qh3 g6 17.g4 Ng7 18.Qh6 Kf8 19.Bg5 Qb6+ 20.Kh1 Qc5 21.Bf6 Rg8 
22.Ng5 Bd7 23.Bxg7+ Ke8 24.Ne4 Qd4 25.Nf6+ Kd8 26.Nxg8 Ne7 27.Nxe7 Kxe7 
28.Qg5+ Ke8 29.h3 1-0

[Event "4th Lost Boys op"]
[Site "Antwerp BEL"]
[Date "1996.08.11"]
[Round "9.18"]
[White "Van den Doel, Erik"]
[Black "Tulchinsky, Mikhail"]
[Result "1-0"]
[WhiteElo "2440"]
[BlackElo "2320"]
[EventDate "1996.08.02"]
[PlyCount "94"]

1.e4 e6 2.d3 c5 3.g3 Nc6 4.Bg2 g6 5.Nf3 Bg7 6.O-O d6 7.c3 e5 8.a3 Nge7 9.
b4 O-O 10.Nbd2 h6 11.Nb3 b6 12.Bb2 Bb7 13.Qe2 Qc7 14.d4 Nd8 15.dxe5 dxe5 
16.bxc5 bxc5 17.Nfd2 Qb6 18.Rfb1 Ba6 19.Qe3 Ne6 20.a4 Rfd8 21.Bf1 Bxf1 22.
Kxf1 Qa6+ 23.Qe2 Qd3 24.Qxd3 Rxd3 25.Ke2 Rad8 26.Nc4 f5 27.f3 h5 28.Rd1 
Rxd1 29.Rxd1 Rb8 30.Nba5 Nc8 31.Nc6 Rb3 32.a5 Kf8 33.Rd2 Ke8 34.h4 fxe4 
35.fxe4 Bh6 36.Rd1 g5 37.hxg5 Nxg5 38.Rd8+ Kf7 39.Rxc8 Nxe4 40.N6xe5+ Ke7 
41.Rc7+ Kf8 42.Rxa7 Bg7 43.Rf7+ Kg8 44.a6 Bxe5 45.a7 Kxf7 46.a8=Q Nxg3+ 
47.Kd1 Bf6 1-0

[Event "4th Lost Boys op"]
[Site "Antwerp BEL"]
[Date "1996.08.11"]
[Round "9.19"]
[White "Roofthoofd, Marcel"]
[Black "Grooten, Herman"]
[Result "0-1"]
[WhiteElo "2295"]
[BlackElo "2375"]
[EventDate "1996.08.02"]
[PlyCount "46"]

1.e4 c5 2.Nf3 d6 3.d4 cxd4 4.Nxd4 Nf6 5.Nc3 a6 6.f4 e6 7.Nf3 Nbd7 8.a4 b6 
9.Bd3 Bb7 10.O-O Qc7 11.Qe1 g6 12.Kh1 Bg7 13.Bd2 O-O 14.Qh4 Rae8 15.Ng5 h6
16.Nf3 Nh7 17.Rae1 f5 18.Qg3 Rf6 19.e5 dxe5 20.fxe5 Rf7 21.Nh4 g5 22.Ng6 
Nhf8 23.Nxf8 Rexf8 0-1

[Event "4th Lost Boys op"]
[Site "Antwerp BEL"]
[Date "1996.08.11"]
[Round "9.20"]
[White "Boey, Josef Martin"]
[Black "Mohandesi, Shahin"]
[Result "1-0"]
[WhiteElo "2285"]
[BlackElo "2355"]
[EventDate "1996.08.02"]
[PlyCount "111"]

1.e4 c5 2.Nf3 Nc6 3.d4 cxd4 4.Nxd4 Nf6 5.Nc3 d6 6.Be2 e5 7.Nf3 h6 8.O-O 
Be7 9.Re1 O-O 10.h3 Be6 11.Bf1 a6 12.Nd5 b5 13.c4 Rb8 14.b3 Qd7 15.Ba3 
Rfd8 16.Rc1 b4 17.Bb2 a5 18.c5 dxc5 19.Nxe5 Nxe5 20.Bxe5 Rbc8 21.Bxf6 Bxf6
22.Nxf6+ gxf6 23.Qf3 Qd4 24.Ba6 Ra8 25.Bb7 Rab8 26.Bd5 Qe5 27.Bxe6 fxe6 
28.Qe3 Rbc8 29.Qxh6 Qg5 30.Qxg5+ fxg5 31.Re2 Rc6 32.Rec2 Rdc8 33.e5 Kf7 
34.Rc4 Kg6 35.g4 a4 36.Kg2 axb3 37.axb3 R6c7 38.Kg3 Rd8 39.Rxb4 Rd3+ 40.
Kg2 cxb4 41.Rxc7 Rxb3 42.Re7 Rb1 43.Rxe6+ Kf7 44.Rf6+ Kg7 45.Rb6 b3 46.h4 
gxh4 47.f4 b2 48.f5 Kh7 49.e6 Kg7 50.g5 h3+ 51.Kh2 Kg8 52.f6 Re1 53.Rb8+ 
Kh7 54.f7 Re2+ 55.Kxh3 Re3+ 56.Kg2 1-0

[Event "4th Lost Boys op"]
[Site "Antwerp BEL"]
[Date "1996.08.11"]
[Round "9.26"]
[White "Van Riemsdijk, Herman Claudius"]
[Black "Sadkowsky, Daniel"]
[Result "1-0"]
[WhiteElo "2425"]
[BlackElo "2270"]
[EventDate "1996.08.02"]
[PlyCount "65"]

1.e4 c5 2.Nf3 d6 3.d4 cxd4 4.Nxd4 Nf6 5.Nc3 a6 6.Bg5 e6 7.Qf3 Be7 8.O-O-O 
Qc7 9.Be2 O-O 10.Qg3 b5 11.Bh6 Ne8 12.f4 b4 13.Nb1 Bb7 14.Nd2 Nd7 15.Kb1 
Rc8 16.Rc1 Bf6 17.N4b3 Nb6 18.Bg5 Na4 19.Bxf6 Nxf6 20.Bd3 a5 21.Rhe1 Nxb2 
22.Kxb2 a4 23.Nc4 d5 24.exd5 exd5 25.Ne5 axb3 26.cxb3 Qa5 27.Qf2 Ne4 28.
Bxe4 dxe4 29.Rxc8 Rxc8 30.Nc4 Qf5 31.Rd1 h6 32.Qb6 Bd5 33.Ne3 1-0

[Event "4th Lost Boys op"]
[Site "Antwerp BEL"]
[Date "1996.08.11"]
[Round "9.27"]
[White "Van Hul, Chris"]
[Black "Delemarre, Jop"]
[Result "0-1"]
[WhiteElo "2260"]
[BlackElo "2360"]
[EventDate "1996.08.02"]
[PlyCount "57"]

1.e4 c6 2.d4 g6 3.Nc3 Bg7 4.Nf3 d6 5.h3 Nf6 6.Be3 O-O 7.Qd2 b5 8.a3 a6 9.
Be2 Qc7 10.O-O Nbd7 11.Rfe1 Bb7 12.Bf1 Rad8 13.Bh6 e5 14.Bxg7 Kxg7 15.Rad1
Rfe8 16.g3 Nb6 17.b3 exd4 18.Nxd4 h6 19.Qf4 Re7 20.f3 Nbd7 21.g4 Ne5 22.
Kg2 c5 23.Nde2 d5 24.Ng3 d4 25.g5 Ng8 26.Nd5 Rxd5 27.exd5 Bxd5 28.Be2 Nxf3
29.Bxf3 0-1